000 00325nam a2200121Ia 4500
005 20251222154304.0
008 251222s9999||||xx |||||||||||||| ||spa||
020 _a84-206-0775-4
082 _a868.9/R24
100 _a"Ramoneda, Arturo"
245 0 _a"Antología de la poesía española del siglo XX, 1890-1939"
942 _cLIB
999 _c33134
_d33134